[Event "Nordic-ch Seniors"]
[Site "Reykjavik"]
[Date "2011.09.13"]
[Round "4"]
[White "Rangoy, Helge"]
[Black "Gunnlaugsson, Gisli"]
[Result "1/2-1/2"]
[WhiteElo "1944"]
[BlackElo "1846"]
[PlyCount "103"]
[EventDate "2011.09.10"]
[EventType "swiss"]
[EventRounds "9"]
[EventCountry "ISL"]
[SourceTitle "CBM 144 Extra"]
[Source "ChessBase"]
[SourceDate "2011.10.28"]
[SourceVersion "1"]
[SourceVersionDate "2011.10.28"]
[SourceQuality "1"]

1. e4 e5 2. Nf3 Nc6 3. d4 exd4 4. Nxd4 Bc5 5. Be3 Qf6 6. c3 d6 7. Bb5 Bd7 8. Qd2 Nge7 9. Bg5 Qg6 10. 0-0 f6 11. Bxc6 Nxc6 12. Be3 Ne5 13. f3 Nc4 14. Qf2 Nxe3 15. Qxe3 0-0 16. Nd2 Rae8 17. Rfe1 f5 18. Kh1 fxe4 19. fxe4 d5 20. e5 Bb6 21. Qg3 Qxg3 22. hxg3 c5 23. N4f3 Re7 24. c4 dxc4 25. Nxc4 Bc7 26. Rad1 Bc6 27. Rd3 Rfe8 28. Nd6 Rd8 29. Nf5 Re6 30. Rxd8+ Bxd8 31. Kh2 Bc7 32. N5h4 h6 33. Kh3 g5 34. Nf5 Bxf3 35. gxf3 Rxe5 36. Nxh6+ Kh7 37. Rxe5 Bxe5 38. Nf7 Bxb2 39. Nxg5+ Kg6 40. f4 c4 41. Nf3 b5 42. Kg2 b4 43. Kf2 a5 44. Ke2 a4 45. Kd2 b3 46. axb3 cxb3 47. Kd1 Bc3 48. Nd2 Kf5 49. Ke2 Kg4 50. Kd3 Bb4 51. Nb1 a3 52. Nxa3 1/2-1/2

[Event "Nordic-ch Seniors"]
[Site "Reykjavik"]
[Date "2011.09.11"]
[Round "2"]
[White "Rangoy, Helge"]
[Black "Solmundarson, Magnus"]
[Result "0-1"]
[WhiteElo "1944"]
[BlackElo "2219"]
[PlyCount "62"]
[EventDate "2011.09.10"]
[EventType "swiss"]
[EventRounds "9"]
[EventCountry "ISL"]
[SourceTitle "CBM 144 Extra"]
[Source "ChessBase"]
[SourceDate "2011.10.28"]
[SourceVersion "1"]
[SourceVersionDate "2011.10.28"]
[SourceQuality "1"]

1. e4 c6 2. d4 d5 3. Nc3 dxe4 4. Nxe4 Nf6 5. Nxf6+ exf6 6. Be2 Bd6 7. Nf3 0-0 8. 0-0 Bg4 9. h3 Bh5 10. Be3 Re8 11. Re1 Qc7 12. Nh4 Bg6 13. Nxg6 hxg6 14. c4 Nd7 15. a3 Bh2+ 16. Kh1 Bf4 17. Bf3 Bxe3 18. fxe3 f5 19. Qd2 Nf6 20. Rac1 g5 21. Qd1 Qg3 22. Qd3 g6 23. Rf1 g4 24. Bxg4 fxg4 25. Rxf6 gxh3 26. gxh3 Qxh3+ 27. Kg1 Qg3+ 28. Kf1 Rxe3 29. Qd1 Rae8 30. Rf2 Qh3+ 31. Rg2 Re2 0-1

[Event "John Dahlgren Memorial"]
[Site "Sarpsborg"]
[Date "2002.10.25"]
[Round "8"]
[White "Ingvaldsen, Jonas A"]
[Black "Rangoy, Helge"]
[Result "1-0"]
[WhiteElo "1797"]
[BlackElo "1663"]
[PlyCount "87"]
[EventDate "2002.08.??"]
[EventType "swiss"]
[EventRounds "12"]
[EventCountry "NOR"]
[SourceTitle "EXT 2005"]
[Source "ChessBase"]
[SourceDate "2004.11.15"]
[SourceVersion "1"]
[SourceVersionDate "2004.11.15"]
[SourceQuality "1"]

1. d4 d5 2. e4 e6 3. e5 c5 4. c3 cxd4 5. cxd4 Bb4+ 6. Nc3 Ne7 7. Bd3 Nbc6 8. Nf3 h6 9. 0-0 Nf5 10. Ne2 Be7 11. Be3 Bg5 12. Qd2 Nxe3 13. fxe3 Bd7 14. Rf2 Be7 15. Raf1 Nb4 16. Bb1 Bb5 17. a3 Nc6 18. h3 Qa5 19. Qd1 Rc8 20. Nh2 Qa6 21. Bc2 Bg5 22. a4 Bxe2 23. Rxe2 Nb4 24. Bb1 Rc7 25. Kh1 Nc6 26. Nf3 Be7 27. Ref2 Nb4 28. Ne1 Bg5 29. Nd3 Nxd3 30. Bxd3 Qb6 31. Bb5+ Kd8 32. Rxf7 Rxf7 33. Rxf7 a6 34. Bd3 Bxe3 35. Qg4 g5 36. Qf3 Bf4 37. g3 Ke8 38. Bg6 Kd8 39. gxf4 Qxb2 40. fxg5 Qc1+ 41. Qf1 Qxg5 42. Qf6+ Qxf6 43. Rxf6 Rg8 44. Rxe6 1-0

[Event "Sarpsborg CC-ch"]
[Site "Sarpsborg"]
[Date "2002.04.12"]
[Round "11"]
[White "Rangoy, Helge"]
[Black "Stabbetorp, Hans M"]
[Result "1-0"]
[WhiteElo "1676"]
[BlackElo "1384"]
[PlyCount "53"]
[EventDate "2002.01.??"]
[EventType "swiss"]
[EventRounds "15"]
[EventCountry "NOR"]
[SourceTitle "EXT 2005"]
[Source "ChessBase"]
[SourceDate "2004.11.15"]
[SourceVersion "1"]
[SourceVersionDate "2004.11.15"]
[SourceQuality "1"]

1. e4 d5 2. exd5 Qxd5 3. d4 Nf6 4. c4 Qe4+ 5. Be3 e6 6. Nc3 Bb4 7. Nf3 b6 8. Bd3 Qb7 9. Bg5 Bxc3+ 10. bxc3 Ne4 11. 0-0 Nxg5 12. Nxg5 h6 13. Qh5 c6 14. Nxf7 Qxf7 15. Bg6 Qxg6 16. Qxg6+ Kf8 17. f4 Na6 18. f5 exf5 19. g4 Bd7 20. Qd6+ Ke8 21. Rae1+ Kd8 22. Re7 Nb8 23. Rxf5 Kc8 24. Rff7 Rd8 25. Rxd7 Rxd7 26. Rxd7 Nxd7 27. Qxc6+ 1-0

[Event "Sarpsborg op"]
[Site "Sarpsborg"]
[Date "2001.10.12"]
[Round "7"]
[White "Rangoy, Helge"]
[Black "Fjellengen, Bard"]
[Result "0-1"]
[WhiteElo "1652"]
[BlackElo "1774"]
[PlyCount "72"]
[EventDate "2001.08.??"]
[EventType "swiss"]
[EventRounds "12"]
[EventCountry "NOR"]
[SourceTitle "EXT 2005"]
[Source "ChessBase"]
[SourceDate "2004.11.15"]
[SourceVersion "1"]
[SourceVersionDate "2004.11.15"]
[SourceQuality "1"]

1. e4 b6 2. Nf3 Bb7 3. Nc3 g6 4. d4 Bg7 5. a3 d6 6. Bc4 Nf6 7. Qe2 0-0 8. Bg5 Nc6 9. 0-0 Nd7 10. Rad1 Kh8 11. Qe3 f6 12. Nh4 Qe8 13. Bh6 e5 14. Bxg7+ Kxg7 15. Qg3 Nxd4 16. Nb5 Nxb5 17. Bxb5 Bxe4 18. f3 Bb7 19. Nf5+ Kh8 20. Nh4 c6 21. Bd3 f5 22. f4 e4 23. Be2 Qe6 24. c4 Qf6 25. Rd2 d5 26. Rfd1 Nc5 27. b4 Ne6 28. b5 d4 29. Qh3 Rad8 30. g3 d3 31. Bf1 Nc5 32. Ng2 Qd4+ 33. Kh1 cxb5 34. g4 bxc4 35. Qe3 c3 36. Ra2 fxg4 0-1

[Event "Nordic Senior-ch"]
[Site "Fredrikstad"]
[Date "2001.09.20"]
[Round "6"]
[White "Rangoy, Helge"]
[Black "Forselv, Edmund"]
[Result "0-1"]
[WhiteElo "1652"]
[BlackElo "1811"]
[PlyCount "54"]
[EventDate "2001.09.??"]
[EventType "swiss"]
[EventRounds "9"]
[EventCountry "NOR"]
[SourceTitle "EXT 2005"]
[Source "ChessBase"]
[SourceDate "2004.11.15"]
[SourceVersion "1"]
[SourceVersionDate "2004.11.15"]
[SourceQuality "1"]

1. e4 c5 2. Nf3 a6 3. d4 cxd4 4. Nxd4 Nf6 5. Nc3 e5 6. Nf5 d6 7. Ng3 Be6 8. Bg5 Be7 9. Bxf6 Bxf6 10. Nd5 Nc6 11. c3 Bg5 12. Be2 Ne7 13. Nh5 0-0 14. Bg4 f5 15. Nxe7+ Qxe7 16. exf5 Bxf5 17. Bxf5 Rxf5 18. Qd5+ Kh8 19. Rd1 Raf8 20. 0-0 e4 21. Qxd6 Qxd6 22. Rxd6 Be3 23. Ng3 Bxf2+ 24. Rxf2 Rxf2 25. Re6 Rxb2 26. h3 Rxa2 27. Nxe4 Re2 0-1

[Event "Nordic Senior-ch"]
[Site "Fredrikstad"]
[Date "2001.09.17"]
[Round "3"]
[White "Johansson, Per"]
[Black "Rangoy, Helge"]
[Result "0-1"]
[WhiteElo "2051"]
[BlackElo "1652"]
[PlyCount "92"]
[EventDate "2001.09.??"]
[EventType "swiss"]
[EventRounds "9"]
[EventCountry "NOR"]
[SourceTitle "EXT 2005"]
[Source "ChessBase"]
[SourceDate "2004.11.15"]
[SourceVersion "1"]
[SourceVersionDate "2004.11.15"]
[SourceQuality "1"]

1. d4 d5 2. Nf3 Nf6 3. c4 e6 4. g3 Bb4+ 5. Bd2 Qe7 6. Bg2 0-0 7. 0-0 dxc4 8. Qc2 Nbd7 9. Qxc4 Nd5 10. Nc3 N7b6 11. Qd3 Bxc3 12. bxc3 c6 13. Ng5 Nf6 14. e4 e5 15. dxe5 Qxe5 16. f4 Qc5+ 17. Be3 Qc4 18. Qc2 Ng4 19. Bd4 f6 20. Nf3 c5 21. Nd2 Qa4 22. Qxa4 Nxa4 23. Bf2 Nxf2 24. Kxf2 Nxc3 25. Rac1 Na4 26. Nc4 Rd8 27. Rfd1 Bg4 28. Bf3 Bxf3 29. Kxf3 b6 30. e5 fxe5 31. Nxe5 Nb2 32. Re1 Nd3 33. Nxd3 Rxd3+ 34. Re3 Rad8 35. Rc3 Rxc3 36. Rxc3 Kf7 37. a4 Ke6 38. a5 Rd6 39. g4 Kd5 40. axb6 axb6 41. h4 c4 42. f5 b5 43. Kf4 b4 44. Re3 b3 45. Re1 Kc6 46. Rc1 b2 0-1

[Event "Sarpsborg op"]
[Site "Sarpsborg"]
[Date "2001.08.24"]
[Round "1"]
[White "Rangoy, Helge"]
[Black "Kristiansen, Espen"]
[Result "1-0"]
[WhiteElo "1652"]
[BlackElo "968"]
[PlyCount "107"]
[EventDate "2001.08.??"]
[EventType "swiss"]
[EventRounds "12"]
[EventCountry "NOR"]
[SourceTitle "EXT 2005"]
[Source "ChessBase"]
[SourceDate "2004.11.15"]
[SourceVersion "1"]
[SourceVersionDate "2004.11.15"]
[SourceQuality "1"]

1. e4 c6 2. Nf3 d5 3. Nc3 Bg4 4. exd5 Nf6 5. dxc6 Nxc6 6. Be2 e5 7. 0-0 Bc5 8. d3 0-0 9. Bg5 h6 10. Bh4 a6 11. Ne4 Be7 12. h3 Bh5 13. g4 Bg6 14. Ng3 Nd4 15. Nxe5 Nxe2+ 16. Qxe2 Bh7 17. Ne4 Nxe4 18. Bxe7 Qxe7 19. Nf3 Rfe8 20. dxe4 Qxe4 21. Qxe4 Bxe4 22. Nd4 Bd5 23. Rfe1 Rxe1+ 24. Rxe1 Kf8 25. Nf5 Rc8 26. c3 Bxa2 27. Nd6 Rb8 28. c4 b5 29. c5 Be6 30. b4 h5 31. f3 hxg4 32. hxg4 g6 33. Ra1 Ra8 34. Nxb5 Rb8 35. Nc7 Bc4 36. Kf2 Ke7 37. Ke3 Rxb4 38. Nxa6 Rb3+ 39. Kf4 Be2 40. Re1 Rxf3+ 41. Ke4 f5+ 42. gxf5 gxf5+ 43. Kd4 Rd3+ 44. Ke5 Re3+ 45. Kf4 Rf3+ 46. Kg5 Rf2 47. Nb4 f4 48. Nd5+ Kd7 49. Nxf4 Bb5 50. Rd1+ Kc6 51. Ne6 Bc4 52. Rd6+ Kb7 53. c6+ Kc8 54. Rd8# 1-0

[Event "Sarpsborg CC-ch"]
[Site "Sarpsborg"]
[Date "2001.04.20"]
[Round "11"]
[White "Rangoy, Helge"]
[Black "Ingvaldsen, Jonas A"]
[Result "0-1"]
[WhiteElo "1639"]
[BlackElo "1691"]
[PlyCount "84"]
[EventDate "2001.??.??"]
[EventType "swiss"]
[EventRounds "11"]
[EventCountry "NOR"]
[SourceTitle "EXT 2005"]
[Source "ChessBase"]
[SourceDate "2004.11.15"]
[SourceVersion "1"]
[SourceVersionDate "2004.11.15"]
[SourceQuality "1"]

1. e4 e5 2. Nf3 Nc6 3. c3 Nf6 4. Qc2 d5 5. Bb5 dxe4 6. Nxe5 Qd5 7. Nxc6 bxc6 8. c4 Qd6 9. c5 Qd5 10. Ba4 Bf5 11. 0-0 Be7 12. b4 0-0 13. Nc3 Qe5 14. Bb2 Ng4 15. g3 e3 16. d3 exf2+ 17. Kh1 Qf6 18. Qe2 Qh6 19. Rxf2 Nxf2+ 20. Qxf2 Bxd3 21. Qf3 Rad8 22. Bxc6 Qd2 23. Rd1 Qxb2 24. Rxd3 Rxd3 25. Qxd3 Qxb4 26. Be4 h6 27. c6 Rb8 28. Kg2 Qa5 29. Qf3 Bf6 30. Nd5 Qxa2+ 31. Kh3 Bg5 32. Nxc7 Rb2 33. Qh1 Qc4 34. Bd5 Qd4 35. Qe1 Qf6 36. Qe8+ Kh7 37. Be4+ g6 38. Nd5 Qf1+ 39. Kg4 Rxh2 40. Qd7 Qe2+ 41. Bf3 h5+ 42. Kxg5 Qe5+ 0-1